书目信息 |
| 题名: |
外国美术家简介
|
|
| 作者: | 王毅 译 | |
| 分册: | 上集 | |
| 出版信息: | 北京 人民美术出版社 1983 |
|
| 页数: | 2册(675页) | |
| 开本: | 19cm | |
| 丛书名: | ||
| 单 册: | ||
| 中图分类: | K815.7 | |
| 科图分类: | ||
| 主题词: | 美术家--列传--世界 | |
| 电子资源: | ||
| ISBN: | ||
| 000 | 00654nam0 2200241 45 | |
| 001 | 0183011747 | |
| 005 | 20061115093157.68 | |
| 010 | @dCNY2.20 | |
| 091 | @aCN@b8027.7640 | |
| 100 | @a19950413d1983 em y0chiy0121 ea | |
| 101 | 0 | @achi |
| 102 | @aCN@b110000 | |
| 105 | @ay z 000yc | |
| 200 | 10 | @a外国美术家简介@Awai guo mei shu jia jian jie@h上集@f王毅等译@FWang Yi Deng Yi |
| 205 | @a2版 | |
| 210 | @a北京@c人民美术出版社@d1983 | |
| 215 | @a2册(675页)@d19cm | |
| 606 | @a美术家@x列传@y世界 | |
| 690 | @aK815.7@v3 | |
| 701 | 0 | @a王毅@4译 |
| 801 | 0 | @aCN@b上海图书馆@c20061115 |
| 801 | 2 | @aCN@bNLC@c20050419 |
| 905 | @f1@b176771@dK815.7@e16:1 | |
| 外国美术家简介.上集/王毅等译.-2版.-北京:人民美术出版社,1983 |
| 2册(675页);19cm |
| ISBN :CNY2.20 |
| ● |
| 相关链接 |
|
|
|
|
正题名:外国美术家简介
索取号:K815.7/16:1
 
预约/预借
| 序号 | 登录号 | 条形码 | 馆藏地/架位号 | 状态 | 备注 |
| 1 | 0176771 | 002000854 | 密集书库/ [索取号:K815.7/16:1] | 在馆 | |
| 2 | 0176772 | 202086900 | 第二样本阅览室/ [索取号:K815.7/16:1] | 在馆 |